000 00471nam a2200181Ia 4500
005 20240823043222.0
008 240823s9999||||xx |||||||||||||| ||und||
041 _aENGLISH
082 _A515.35 M8
100 _aDeo S G
245 0 _aOrdinary Differential Equations and Stability Theory
250 _a1st
260 _c1988
_b"Tata Mcgraw Hill,New "
500 _aTRANSFERED
650 _aDifferential Eqn
_bMathematics
700 _a Raghavendra V
942 _cBK
999 _c209716
_d209716